[Event "Memorial Perezzani A"]
[Site "?"]
[Date "2019.03.01"]
[Round "1.3"]
[White "Luciani, Valerio"]
[Black "Carini, Massimo"]
[Result "1-0"]
[WhiteElo "2163"]
[BlackElo "1980"]
[PlyCount "102"]
[EventDate "2019.??.??"]

1. d4 d5 2. c4 e6 3. Nc3 Nf6 4. cxd5 exd5 5. Bg5 Be7 6. e3 h6 7. Bh4 O-O 8. Qc2
c6 9. Bd3 Re8 10. Nge2 Nbd7 11. f3 Qc7 12. O-O Bd6 13. Kf2 a6 14. h3 c5 15. Qd2
b5 16. a3 Bb7 17. g4 cxd4 18. exd4 Ne4+ 19. fxe4 dxe4 20. Bxe4 Bxe4 21. Bg3 Bb7
22. Rac1 Bxg3+ 23. Nxg3 Qd6 24. Rce1 Nb6 25. Nce4 Bxe4 26. Rxe4 Rxe4 27. Nxe4
Qh2+ 28. Ke1 Qxh3 29. Qf4 Qh4+ 30. Kd1 Qe7 31. Nd6 Nd5 32. Nf5 Nxf4 33. Nxe7+
Kf8 34. Nc6 Nd5 35. Kd2 Rc8 36. Ne5 Rc7 37. Kd3 f6 38. Ke4 Nb6 39. Rf2 Ke7 40.
Nd3 Nd7 41. Nb4 Kd6 42. Nxa6 Rc4 43. Kd3 g6 44. Rh2 Nf8 45. Rxh6 Ne6 46. Ke3
Rxd4 47. Rxg6 Ke5 48. Nb4 Re4+ 49. Kd2 Ng5 50. Nd3+ Kd4 51. Rxf6 Rxg4 1-0

[Event "Memorial Perezzani A"]
[Site "?"]
[Date "2019.03.01"]
[Round "1.5"]
[White "Negro, Roberto"]
[Black "Casadio, Niccolò"]
[Result "1/2-1/2"]
[WhiteElo "2153"]
[BlackElo "1930"]
[PlyCount "54"]
[EventDate "2019.??.??"]

1. c4 e6 2. Nf3 d5 3. b3 Nf6 4. Bb2 Be7 5. g3 O-O 6. Bg2 c5 7. O-O Nc6 8. e3
Qb6 9. Qe2 Rd8 10. d3 Bd7 11. Nc3 Be8 12. Rab1 a6 13. Rfd1 Rac8 14. Ba1 Na7 15.
Qb2 Qc7 16. Ne2 b5 17. cxd5 exd5 18. Nf4 Bf8 19. Qc2 Qb6 20. Qe2 b4 21. Ne5 Nb5
22. Rbc1 Qd6 23. Ng4 Nxg4 24. Qxg4 Bc6 25. d4 c4 26. e4 c3 27. e5 Qd7 1/2-1/2

[Event "Memorial Perezzani A"]
[Site "?"]
[Date "2019.03.02"]
[Round "2.2"]
[White "Tramalloni, Luca"]
[Black "Luciani, Valerio"]
[Result "1/2-1/2"]
[WhiteElo "2014"]
[BlackElo "2163"]
[PlyCount "80"]
[EventDate "2019.??.??"]

1. d4 d5 2. c4 e6 3. Nf3 Nf6 4. g3 c5 5. cxd5 exd5 6. Nc3 Nc6 7. Bg2 Be7 8. O-O
O-O 9. Bg5 c4 10. Ne5 Be6 11. f4 Nxe5 12. fxe5 Ng4 13. Bxe7 Qxe7 14. Qd2 Rad8
15. h3 Nh6 16. Kh2 f6 17. exf6 Rxf6 18. Rxf6 Qxf6 19. Rf1 Nf5 20. g4 Qxd4 21.
Qxd4 Nxd4 22. Rd1 Nc6 23. Nxd5 Kf8 24. Kg3 Rd7 25. a3 Ne5 26. Nc3 Rxd1 27. Nxd1
b5 28. Nc3 Bd7 29. Kf4 Ng6+ 30. Ke3 Ke7 $11 31. Kd4 Kd6 32. e3 Nf8 33. Bd5 Bc6
34. e4 Bxd5 35. exd5 a6 36. Ne4+ Kc7 37. Nc5 Kd6 38. Nxa6 Nd7 39. Nb4 Nc5 40.
h4 Na4 $11 1/2-1/2

[Event "Memorial Perezzani A"]
[Site "?"]
[Date "2019.03.02"]
[Round "2.6"]
[White "Kocur, Marc"]
[Black "Negro, Roberto"]
[Result "1/2-1/2"]
[WhiteElo "1881"]
[BlackElo "2153"]
[PlyCount "116"]
[EventDate "2019.??.??"]

1. d4 g6 2. Nf3 Bg7 3. c3 d6 4. Bf4 Nd7 5. h4 h6 6. Na3 Ngf6 7. Qc1 e6 8. g3
Qe7 9. Nc4 Nd5 10. Bd2 N7f6 11. Qc2 Nb6 12. Na5 e5 13. dxe5 dxe5 14. e4 Ng4 15.
b4 O-O 16. Bg2 c5 17. O-O cxb4 18. cxb4 Be6 19. Qc5 Qd7 20. a4 Nxa4 21. Qc2 b5
22. Rac1 Rfc8 23. Qb1 Nb6 24. Bc3 Nc4 25. Rfd1 Qc7 26. Qa1 Rd8 27. Nxc4 Rxd1+
28. Rxd1 Qxc4 29. Nxe5 Nxe5 30. Bxe5 Bxe5 31. Qxe5 Qxb4 32. h5 g5 33. Qf6 Qf8
34. e5 Rc8 35. Bc6 Rxc6 36. Rd8 Qxd8 37. Qxd8+ Kg7 38. f4 Bg4 39. Qd4 Rc4 40.
Qd8 Rc6 41. Qd5 Rc1+ 42. Kf2 a6 43. fxg5 Rc2+ 44. Ke3 Bxh5 45. gxh6+ Kxh6 46.
Qh1 Rc3+ 47. Kf2 Rf3+ 48. Kg2 Rf5 49. Qa1 Bf3+ 50. Kg1 Bb7 51. Qd4 Bc8 52. Qd6+
Be6 53. Qxa6 Rxe5 54. Qa1 Rg5 55. Kf2 Kg6 56. Qb1+ Kf6 57. Qb2+ Kg6 58. Qb1+
Kh6 {(68) il resto della partita è incomprensibile} 1/2-1/2

[Event "Memorial Perezzani A"]
[Site "?"]
[Date "2019.03.02"]
[Round "2.7"]
[White "Casadio, Niccolò"]
[Black "Zanchetta, Nicola"]
[Result "0-1"]
[WhiteElo "1930"]
[BlackElo "2042"]
[PlyCount "190"]

1. e4 c5 2. Nc3 Nc6 3. f4 e6 4. Nf3 Nge7 5. g3 Nd4 6. Bg2 Nec6 7. d3 Be7 8. O-O
Rb8 9. Ne2 d6 10. Nexd4 cxd4 11. Qe2 e5 12. fxe5 dxe5 13. c3 Bg4 14. h3 Bxf3
15. Qxf3 O-O 16. Kh2 Bg5 17. Bxg5 Qxg5 18. c4 a5 19. a3 Rbd8 20. Qe2 Rd6 21.
Rf5 Qe3 22. Re1 g6 23. Rff1 Qxe2 24. Rxe2 Kg7 25. Ref2 Nd8 26. Rb1 Rb6 27. b4
Ne6 28. Rfb2 Ra8 29. Bf1 axb4 30. axb4 Rba6 31. Kg2 b5 32. cxb5 Rb6 33. Be2 Ra3
34. Rc1 Rxb5 35. h4 h5 36. Rc6 Rc3 37. Rc4 $11 Nc5 38. Rc2 Rxc2 39. Rxc2 Na6
40. g4 Nxb4 41. Rc7 hxg4 42. Kg3 Rb6 43. Kxg4 Na6 44. Rc2 Rb3 45. Rc6 Nb4 46.
Rb6 Rb2 47. Rb5 Rxe2 48. Rxb4 Rf2 49. Kg3 Rf4 50. Rxd4 Rxh4 51. Rd5 Rh5 52. Kg4
Kf6 53. d4 Ke6 54. dxe5 Rxe5 55. Rd4 Rc5 56. Kf4 f6 57. Ra4 g5+ 58. Ke3 Ke5 59.
Ra8 Rc3+ 60. Kd2 Rf3 61. Re8+ Kd4 62. Re6 Rf2+ 63. Ke1 Rf4 64. Kd2 g4 65. e5 f5
66. Re8 Kd5 67. e6 Kd6 68. e7 Kd7 69. Ra8 Kxe7 70. Ra6 Kf7 71. Ke2 Re4+ 72. Kf2
f4 73. Rb6 Re6 74. Rb4 Rf6 75. Rb5 Kg6 76. Ra5 Rf5 77. Ra6+ Kg5 78. Ra8 Rb5 79.
Rg8+ Kf5 80. Rf8+ Ke4 81. Re8+ Re5 82. Ra8 g3+ 83. Kg2 Ke3 84. Ra3+ Ke4 85. Ra8
Kf5 86. Kf3 Re3+ 87. Kg2 Re2+ 88. Kf1 Rc2 89. Rb8 Kg4 90. Ra8 f3 91. Rg8+ Kf4
92. Rf8+ Ke4 93. Re8+ Kd5 94. Rd8+ Ke6 95. Rd1 Rh2 0-1

[Event "Memorial Perezzani A"]
[Site "?"]
[Date "2019.03.02"]
[Round "3.1"]
[White "Luciani, Valerio"]
[Black "Gigovski, Gojko"]
[Result "1/2-1/2"]
[WhiteElo "2163"]
[BlackElo "2152"]
[PlyCount "69"]
[EventDate "2019.??.??"]

1. d4 Nf6 2. c4 e6 3. Nc3 Bb4 4. a3 Bxc3+ 5. bxc3 Nc6 6. f3 b6 7. e4 e5 8. Be3
O-O 9. Bd3 Qe7 10. Ne2 Ba6 11. Ng3 Na5 12. Qe2 Ne8 13. Nf5 Qe6 14. d5 Qf6 15.
f4 d6 16. O-O Kh8 17. Rf3 g6 18. fxe5 dxe5 19. Nh6 Qe7 20. Raf1 f6 21. Ng4 Qxa3
22. Bh6 Ng7 23. Nxf6 Qc5+ 24. Be3 Qe7 25. c5 Bxd3 26. Qxd3 Nf5 27. d6 Qxf6 28.
exf5 g5 29. h4 gxh4 30. dxc7 Rac8 31. Qd6 Nc4 32. Qxf6+ Rxf6 33. Bg5 Rf7 34.
cxb6 axb6 35. Rd1 1/2-1/2

[Event "Memorial Perezzani A"]
[Site "?"]
[Date "2019.03.02"]
[Round "3.5"]
[White "Zanchetta, Nicola"]
[Black "Ghiotto, Marco Luigi"]
[Result "1-0"]
[WhiteElo "2042"]
[BlackElo "1998"]
[PlyCount "47"]

1. e4 e6 2. d3 d5 3. Nd2 c5 4. Ngf3 Nc6 5. g3 b5 6. Bg2 Bb7 7. O-O Nf6 8. Re1
Be7 9. h4 a5 10. e5 Nd7 11. c3 Qc7 12. d4 Ba6 13. a3 b4 14. Nf1 O-O 15. Bf4
Rfc8 16. Ne3 Nb6 17. h5 bxa3 18. bxa3 Nc4 19. Nxc4 Bxc4 20. Nd2 Ba6 21. Qg4
cxd4 22. Bh6 Bf8 23. Bxg7 Bxg7 24. h6 1-0

[Event "Memorial Perezzani A"]
[Site "?"]
[Date "2019.03.02"]
[Round "3.7"]
[White "Negro, Roberto"]
[Black "Di Meo, Antonio"]
[Result "1-0"]
[WhiteElo "2153"]
[BlackElo "1812"]
[PlyCount "65"]
[EventDate "2019.??.??"]

1. c4 e6 2. Nf3 f5 3. g3 Nf6 4. Bg2 Be7 5. O-O O-O 6. b3 Qe8 7. d4 d6 8. Nc3
Na6 9. Qc2 c6 10. a3 Nc7 11. b4 a5 12. Rb1 axb4 13. axb4 Qh5 14. Bf4 Kh8 15. c5
Nce8 16. cxd6 Nxd6 17. b5 cxb5 18. Bxd6 Bxd6 19. Nxb5 Ra6 20. Nxd6 Rxd6 21. e3
Rfd8 22. h3 b6 23. Ne5 Ba6 24. Rfc1 Nd5 25. Qa2 b5 26. Rc6 Bc8 27. Qa7 Rxc6 28.
Nxc6 Rg8 29. Ne5 Rf8 30. Qc5 Rd8 31. Bxd5 exd5 32. Qe7 Qe8 33. Qxd8 1-0

[Event "Memorial Perezzani A"]
[Site "?"]
[Date "2019.03.03"]
[Round "4.4"]
[White "Negro, Roberto"]
[Black "Luciani, Valerio"]
[Result "0-1"]
[WhiteElo "2153"]
[BlackElo "2163"]
[PlyCount "102"]
[EventDate "2019.??.??"]

1. c4 f5 2. g3 Nf6 3. Bg2 e5 4. Nc3 d6 5. d3 Be7 6. e3 O-O 7. Nge2 Nc6 8. b3
Qe8 9. Bb2 a5 10. Qd2 Qh5 11. h3 g5 12. O-O-O Qg6 13. f4 h6 14. Nd5 Bd8 15.
Nec3 Re8 16. Nxf6+ Bxf6 17. Nd5 Bd8 18. h4 g4 19. a3 Nb8 20. fxe5 dxe5 21. e4
Ra6 22. exf5 Bxf5 23. Ne3 Bc8 24. Be4 Qg7 25. Rhf1 Nc6 26. Nf5 Bxf5 27. Rxf5
Nd4 28. Bxd4 exd4 29. Rdf1 Rf6 30. Qxa5 c6 31. Qc5 Rxf5 32. Qxf5 Bc7 33. Qf2
Bd6 34. b4 Rf8 35. Bf5 Qe5 36. c5 Be7 37. Qf4 Qe2 38. Rd1 h5 39. Rd2 Qe1+ 40.
Kc2 Kg7 41. Qxd4+ Bf6 42. Qf4 Qa1 43. d4 Qxa3 44. d5 Re8 45. Be6 Qb2+ 46. Kd3
Qc3+ 47. Ke2 cxd5 48. Qf5 d4 49. Kd1 Qxg3 50. Qd5 Bxh4 51. Bf5 Re1+ 0-1

[Event "Memorial Perezzani A"]
[Site "?"]
[Date "2019.03.03"]
[Round "5.3"]
[White "Luciani, Valerio"]
[Black "Ghiotto, Marco Luigi"]
[Result "1-0"]
[WhiteElo "2163"]
[BlackElo "1998"]
[PlyCount "41"]
[EventDate "2019.??.??"]

1. d4 Nf6 2. c4 e6 3. Nc3 Bb4 4. a3 Bxc3+ 5. bxc3 c5 6. f3 d6 7. e4 Nc6 8. Be3
b6 9. Bd3 e5 10. Ne2 O-O 11. d5 Na5 12. Ng3 Ba6 13. Qe2 Qd7 14. a4 g6 15. Bh6
Rfe8 16. h4 Qe7 17. Bg5 Kg7 18. h5 Bc8 19. h6+ Kg8 20. O-O Bd7 21. Nh1 1-0

[Event "Memorial Perezzani A"]
[Site "?"]
[Date "2019.03.03"]
[Round "5.5"]
[White "Tramalloni, Luca"]
[Black "Negro, Roberto"]
[Result "0-1"]
[WhiteElo "2017"]
[BlackElo "2153"]
[PlyCount "72"]
[EventDate "2019.??.??"]

1. d4 g6 2. c4 Bg7 3. e4 c5 4. d5 d6 5. Bd3 Nf6 6. Nc3 O-O 7. Nf3 a6 8. a4 e6
9. O-O exd5 10. exd5 Bg4 11. h3 Bxf3 12. Qxf3 Nbd7 13. Qd1 Ne8 14. Bd2 Ne5 15.
Be2 f5 16. f4 Nd7 17. Bf3 Nc7 18. a5 Rb8 19. Na4 b5 20. axb6 Nxb6 21. Nxb6 Rxb6
22. Ba5 Rxb2 23. Bxc7 Qxc7 24. Rxa6 Bd4+ 25. Kh1 Be3 26. Qa1 Rfb8 27. Ra7 Qd8
28. Bd1 Qh4 29. Ra8 Bxf4 30. Qxb2 Rxa8 31. Qb7 Re8 32. Qb3 Re3 33. Qc2 Re1 34.
Be2 Qg3 35. Kg1 Qe3+ 36. Kh1 Rxe2 0-1